|
|
|
|
| LEADER |
01043nam a2200241 a 4500 |
| 001 |
1633801 |
| 008 |
90510s2005 nyua b 001 0 eng d |
| 010 |
|
|
|a 96012134
|
| 020 |
|
|
|a 9971512335
|
| 040 |
|
|
|a DLC
|c DLC
|d DLC
|
| 082 |
0 |
0 |
|a 621.382/4
|2 20
|
| 100 |
1 |
|
|a Balanis, Constantine A.,
|d 1938-
|
| 245 |
1 |
0 |
|a Antenna theory :
|b analysis and design /
|c Constantine A. Balanis.
|
| 250 |
|
|
|a 2nd ed.
|
| 260 |
|
|
|a New York :
|b Wiley,
|c c2005.
|
| 300 |
|
|
|a xvi, 941 p. :
|b ill. ;
|c 26 cm. +
|e 1 computer disk (3 1/2 in.)
|
| 504 |
|
|
|a Includes bibliographical references and index.
|
| 541 |
1 |
|
|e 00015048
|
| 650 |
|
0 |
|a Antennas (Electronics)
|
| 852 |
4 |
|
|a <add your library>
|j <shelf mark>
|
| 999 |
|
|
|c 526
|d 526
|
| 952 |
|
|
|0 0
|1 0
|2 ddc
|4 0
|6 621_382400000000000_BAL_2005
|7 0
|9 476
|a BRACUL
|b BRACUL
|c GEN
|d 2009-05-10
|g 570.00
|l 0
|o 621.3824 BAL
|p 3010015048
|r 2009-05-10
|t 1
|v 1140.00
|w 2009-05-10
|y BK
|
| 952 |
|
|
|0 0
|1 0
|2 ddc
|4 0
|6 621_382400000000000_BAL_2005
|7 0
|9 10776
|a BRACUL
|b BRACUL
|c GEN
|d 2010-06-09
|l 3
|m 73
|o 621.3824 BAL
|p 3010015049
|r 2018-07-12
|s 2018-04-24
|t 2
|w 2010-06-09
|y BK
|